[Event "45th Olympiad 2024"]
[Site "Budapest HUN"]
[Date "2024.09.18"]
[Round "7.35"]
[Board "4"]
[White "NAIT ELASRI BRAHIM"]
[Black "Barria Santos, Jose Guilherme"]
[Result "0-1"]
[WhiteElo "1994"]
[BlackElo "2411"]
[PlyCount "126"]
[EventDate "2024.09.11"]
[WhiteTeam "Morocco"]
[BlackTeam "Portugal"]
[WhiteTeamCountry "MAR"]
[BlackTeamCountry "POR"]

1. e4 c5 2. Nf3 d6 3. d4 cxd4 4. Nxd4 Nf6 5. Nc3 a6 6. f3 e6 7. Bg5 Be7 8. Qd2 b5 9. O-O-O Bb7 ({RR} 9... O-O 10. h4 Qc7 11. Kb1 Nbd7 12. g4 b4 13. Nce2 Rb8 14. Bxf6 Nxf6 15. g5 Nd7 16. h5 Nc5 17. Bh3 a5 18. Rdg1 a4 19. Nf4 b3 20. cxb3 axb3 21. a3 Ra8 22. h6 g6 23. Qc3 e5 24. Nxb3 {0-1 Salgado Lopez,I (2558)-Alonso Rosell,A (2461) ESP-ch U18 Granada 2009 (6)}) 10. g4 Nbd7 11. h4 Nb6 $146 ({RR} 11... Ne5 12. h5 h6 13. Be3 Rc8 14. g5 hxg5 15. Bxg5 Rxh5 16. Bxf6 Rxh1 17. Bxe7 Qxe7 18. Bxb5+ axb5 19. Rxh1 Ba6 20. Ndxb5 Bxb5 21. Nxb5 Rc6 22. f4 Ng6 23. Qd4 e5 24. fxe5 Nxe5 25. Rh8+ Kd7 26. Qa7+ {1-0 Salfelder,L (1530)-Schnorr,A (1358) Stuttgart-chB int 2007 (4)}) ({RR} 11... Rc8 12. Bd3 Qa5 13. Kb1 Ne5 14. Bxf6 gxf6 15. g5 Rxc3 16. bxc3 d5 17. f4 Nc4 18. Bxc4 bxc4 19. e5 fxe5 20. fxe5 Ba3 21. Ka1 Ke7 22. Rb1 Ba8 23. Rhf1 Qc7 24. Qf4 Ke8 25. Qf6 Rf8 26. Rb4 {1-0 Szalay,K (2159)-Wartiovaara,O (2259) Titled Tuesday intern op 15th Feb Late blitz 2022 (2)}) ({RR} 11... Qc8 12. Be3 Nc5 13. Kb1 Nfd7 14. Bd3 Ne5 15. g5 Nc4 16. Bxc4 bxc4 17. h5 g6 18. Qh2 Bf8 19. Rdg1 Qd7 20. Qh4 Rc8 21. Nde2 Na4 22. Nxa4 Qxa4 23. Nc3 Qd7 24. hxg6 fxg6 25. Bb6 Rc6 26. Bd4 {1-0 Melia,S (2220)-Zawadzka,J (2183) Wch U14 Girls 2001 (5)}) ({RR} 11... b4 12. Nce2 d5 13. Bxf6 Nxf6 14. e5 Nd7 15. f4 Qa5 16. Kb1 Nc5 17. f5 Rc8 18. Bg2 Qb6 19. Rhf1 Na4 20. Ka1 a5 21. g5 g6 22. fxe6 fxe6 23. Bh3 Nc5 24. Nf4 Rc6 25. Nxc6 Qxc6 26. h5 {1-0 Stachowiak,K (2144)-Skrzypczak,P POL-ch U16 Bartkowa 2002}) 12. Qf2 b4 13. Nce2 Qc7 14. Ng3 O-O-O 15. Qe1 h6 16. Bd2 d5 17. e5 Nfd7 18. f4 g5 19. Nh5 Nc4 20. Bxc4 dxc4 21. Rh3 Qb6 22. Be3 gxf4 23. Nf5 fxe3 24. Nxe7+ Kc7 25. Nf4 Rhe8 26. Rd6 Qa5 27. Neg6 Qxa2 28. Qxe3 fxg6 29. Nxg6 Qa1+ 30. Kd2 Qxb2 31. Rh2 Nxe5 32. Qb6+ Kc8 33. Ne7+ Kb8 34. Rxd8+ Rxd8+ 35. Qxd8+ Ka7 36. Rh3 c3+ 37. Ke1 Qc1+ 38. Qd1 Nf3+ 39. Rxf3 Qxd1+ 40. Kxd1 Bxf3+ 41. Kc1 Bxg4 42. Nc6+ Kb6 43. Nxb4 Kb5 44. Nd3 h5 45. Kb1 a5 46. Ka2 a4 47. Ka3 Bf5 48. Nb4 Be4 49. Na2 Kc4 50. Nb4 Bh7 51. Kxa4 e5 52. Nc6 e4 53. Ne5+ Kd4 54. Nc6+ Kd5 55. Ne7+ Kc4 56. Nc6 e3 57. Ne5+ Kd5 58. Nf3 Bxc2+ 59. Ka3 Be4 60. Ne1 Kc4 61. Ka2 e2 62. Ka1 Kd4 63. Ka2 Ke3 0-1

[Event "45th Olympiad 2024"]
[Site "Budapest HUN"]
[Date "2024.09.18"]
[Round "7.36"]
[Board "1"]
[White "Kulaots, Kaido"]
[Black "Johnson, Joshua"]
[Result "1-0"]
[WhiteElo "2506"]
[BlackElo "2267"]
[PlyCount "133"]
[EventDate "2024.09.11"]
[WhiteTeam "Estonia"]
[BlackTeam "Trinidad & Tobago"]
[WhiteTeamCountry "EST"]

1. e4 e5 2. Nf3 Nc6 3. Bb5 a6 4. Ba4 Nf6 5. O-O Be7 6. Re1 b5 7. Bb3 O-O 8. a4 Bb7 9. d3 Re8 10. Nc3 Nd4 11. Nxd4 ({RR} 11. axb5 Nxb3 12. cxb3 axb5 13. Rxa8 Bxa8 14. Nxb5 d5 15. exd5 Bb4 16. Bd2 Bxd2 17. Qxd2 Bxd5 18. Nxe5 Bxg2 19. Kxg2 Qd5+ 20. Nf3 Qxb5 21. Rxe8+ Nxe8 22. Qe3 h6 23. Qe5 Qd7 24. h3 Nf6 25. Nd4 Kf8 {½-½ Dominguez Perez,L (2732)-Carlsen,M (2850) Wch Rapid Berlin 2015 (13)}) 11... exd4 12. Ne2 c5 13. Ng3 d6 $146 ({RR} 13... d5 14. exd5 Nxd5 15. Bd2 Qd7 16. axb5 axb5 17. Rxa8 Rxa8 18. Qe2 Bf8 19. Ne4 Qc6 20. Ng5 c4 21. dxc4 Nb6 22. Qf3 Qxf3 23. Nxf3 bxc4 24. Nxd4 cxb3 25. Nxb3 Na4 26. Na5 Bd5 27. b3 Nc5 28. f3 {0-1 Melamed,T (2318)-Jackova,J (2403) BL 0405 (Women) 2004 (6.1)}) ({RR} 13... d5 14. e5 Nd7 15. c3 Bf8 16. f4 c4 17. Bc2 dxc3 18. bxc3 cxd3 19. Qxd3 g6 20. axb5 Nc5 21. Qd1 axb5 22. Rxa8 Bxa8 23. Be3 Ne4 24. Bd4 b4 25. Ba4 Re6 26. cxb4 Bxb4 27. Re3 Qh4 28. Nxe4 {0-1 Bizhigitov,Z (2237)-Lagno,K (2532) FIDE World Rapid Team 2024 (2.17)}) 14. c3 dxc3 15. bxc3 Bf8 16. Bg5 h6 17. Bf4 Qd7 18. Bc2 Rac8 19. f3 g6 20. Qd2 Kh7 21. d4 Bg7 22. Red1 Qc6 23. Bb3 Re7 24. h4 c4 25. Bc2 Ree8 26. Qf2 h5 27. Rdb1 Ra8 28. Ne2 Nd7 29. Qg3 d5 30. e5 Kg8 31. Bc1 Nf8 32. f4 f5 33. Ba3 Kh7 34. Kh2 Ne6 35. Ng1 Bh6 36. Nh3 Qd7 37. Bd6 Bc6 38. Qf3 Qf7 39. g3 Bf8 40. Bxf8 Rxf8 41. Qd1 Qe7 42. Qd2 Kg7 43. Ng1 Rfb8 44. Ne2 bxa4 45. Rxb8 Rxb8 46. Bxa4 Bxa4 47. Rxa4 Rb6 48. Ra2 Qb7 49. Kg2 Rb1 50. Kf2 Nc7 51. Ra5 Rb2 52. Qe3 Qb6 53. Rc5 Rb5 54. e6 Rxc5 55. Qe5+ Kg8 56. dxc5 Qxc5+ 57. Nd4 Qe7 58. Kf1 a5 59. Nc6 Qg7 60. Qd6 Kh7 61. Ne5 a4 62. e7 Ne8 63. Qc6 Qg8 64. Qxa4 Nf6 65. Nd7 Kg7 66. Nxf6 Kxf6 67. e8=Q 1-0

[Event "45th Olympiad 2024"]
[Site "Budapest HUN"]
[Date "2024.09.18"]
[Round "7.36"]
[Board "2"]
[White "Cabralis, Quinn"]
[Black "Volodin, Aleksandr"]
[Result "0-1"]
[WhiteElo "2169"]
[BlackElo "2457"]
[PlyCount "64"]
[EventDate "2024.09.11"]
[WhiteTeam "Trinidad & Tobago"]
[BlackTeam "Estonia"]
[BlackTeamCountry "EST"]

1. e4 c5 2. Nf3 e6 3. d4 cxd4 4. Nxd4 a6 5. c4 Nf6 6. Nc3 Qc7 7. a3 Be7 8. Be3 d6 9. Be2 O-O 10. O-O ({RR} 10. Rc1 Nbd7 11. g4 b6 12. g5 Ne8 13. h4 Bb7 14. f4 g6 15. b4 e5 16. Nd5 Qd8 17. Nf3 Ng7 18. Qd3 Bxd5 19. cxd5 exf4 20. Bxf4 f5 21. Nd4 Ne5 22. Qb3 Kh8 23. exf5 gxf5 24. Nc6 Nxc6 {1-0 Serrano Almendros,A (2151)-Moreno Burillo,M (1959) 43rd Benasque Open 2024 (4.57)}) 10... b6 ({RR} 10... Nc6 11. Rc1 Nxd4 12. Qxd4 Bd7 13. Qb6 Qxb6 14. Bxb6 Rfc8 15. f3 Bc6 16. Be3 Nd7 17. b4 b6 18. Rfd1 g5 19. Bf2 Kf8 20. Bg3 e5 21. Bf2 a5 22. b5 Bb7 23. Na4 Rc5 24. Rc2 Ke8 25. Rcd2 {1-0 Ni,H (2625)-Markowski,T (2570) Moscow Aeroflot op-A 2005 (1)}) 11. f4 Bb7 12. Bf3 $146 ({RR} 12. Qd3 Nbd7 13. b4 Rfe8 14. Rac1 Rac8 15. Nb3 Qb8 16. Bf3 Qa8 17. Nd2 Bc6 18. g4 h6 19. h4 Nh7 20. h5 Rcd8 21. Qe2 a5 22. Qf2 axb4 23. axb4 Qb8 24. Nb3 Ba8 25. Nb5 Rc8 26. Rfd1 d5 {1-0 Kakhramonova,M (1965)-Tokhirjanova,H (2126) UZB-ch (Women) 2014 (5)}) 12... Nc6 13. b4 Rac8 14. Rc1 Qb8 15. f5 Ne5 16. fxe6 Nxc4 17. Bg5 fxe6 18. Bg4 Nxg4 19. Qxg4 Bxg5 20. Qxg5 Rxf1+ 21. Rxf1 Re8 22. Nd5 Bxd5 23. exd5 h6 24. Qh5 Rf8 25. dxe6 Rxf1+ 26. Kxf1 Qf8+ 27. Ke2 Qf4 28. Kd3 Ne5+ 29. Kc3 Qe3+ 30. Kc2 Qxd4 31. e7 Qe4+ 32. Kd2 Ng6 0-1

[Event "45th Olympiad 2024"]
[Site "Budapest HUN"]
[Date "2024.09.18"]
[Round "7.36"]
[Board "3"]
[White "Kanep, Meelis"]
[Black "Cupid, Kevin"]
[Result "1-0"]
[WhiteElo "2367"]
[BlackElo "2201"]
[PlyCount "120"]
[EventDate "2024.09.11"]
[WhiteTeam "Estonia"]
[BlackTeam "Trinidad & Tobago"]
[WhiteTeamCountry "EST"]

1. Nf3 d5 2. c4 e6 3. d4 Nf6 4. Nc3 Be7 5. Bg5 h6 6. Bxf6 Bxf6 7. e3 O-O 8. Qc2 c5 9. dxc5 dxc4 10. Bxc4 Qa5 11. O-O Bxc3 12. Qxc3 Qxc3 13. bxc3 Nd7 14. c6 bxc6 15. Rfc1 ({RR} 15. Rab1 Nb6 16. Be2 Rd8 17. Nd4 Bd7 18. Rfc1 c5 19. Nb3 Rac8 20. Ba6 Rc7 21. Na5 Ba4 22. Rb2 Rcd7 23. f3 Rd1+ 24. Rxd1 Rxd1+ 25. Kf2 Rc1 26. c4 Kf8 27. Bb5 Bxb5 28. Rxb5 Rc2+ 29. Kg3 Rxa2 {½-½ Nepomniachtchi,I (2771)-Carlsen,M (2839) chess.com SpeedChess 2023 (2.26)}) ({RR} 15. Rab1 Nb6 16. Be2 c5 17. Rfc1 Rd8 18. Kf1 Bb7 19. Rb5 Rac8 20. Ra5 {½-½ Kanep,M (2508)-Kravtsiv,M (2597) Cappelle op 29th 2013 (9)}) 15... Rb8 $146 ({RR} 15... Nb6 16. Be2 Bd7 17. Ne5 Rfc8 18. Rab1 Be8 19. Nc4 Nxc4 20. Bxc4 Rab8 21. Kf1 Kf8 22. Ke2 Ke7 23. Rb3 Rb6 24. Rd1 Rc7 25. Ra3 Rb2+ 26. Rd2 Rb1 27. Rd1 Rb2+ 28. Rd2 Rb1 29. Rd1 Rb2+ 30. Rd2 {½-½ Bu Xiangzhi (2684)-Wang Yue (2654) CHN Team Men 2024 (8.1)}) ({RR} 15... Re8 16. Rab1 e5 17. Rd1 Nb6 18. Bb3 Bf5 19. Rb2 Rab8 20. Rbd2 a5 21. a3 Be4 22. Rd6 Nd5 23. Bxd5 Bxd5 24. c4 Bxc4 25. Rxc6 Bb3 26. Rdc1 a4 27. h3 f6 28. Rc7 Be6 {½-½ Bauer,C (2480)-Marciano,D (2529) FRA-ch sf Besancon 1999 (1.1)}) ({RR} 15... Nb6 16. Be2 c5 17. Rab1 Bd7 18. Ba6 Rab8 19. Ne5 {½-½ Kallai,G (2445)-Spassov,L Tirnavia Reti Memorial-07 1985 (7)}) 16. Rab1 Bb7 17. Nd4 c5 18. Nxe6 Rfe8 19. Nc7 Re4 20. Bd5 Bxd5 21. Rxb8+ Nxb8 22. Nxd5 Ra4 23. Rc2 Nc6 24. f3 f5 25. h3 Kf7 26. g4 g6 27. Kg2 Ne5 28. Kg3 Nc4 29. Kf2 Na3 30. Rb2 Nc4 31. Rc2 Na3 32. Rb2 Nc4 33. Rc2 Na3 34. Re2 Ke6 35. Nf4+ Kf6 36. e4 fxe4 37. fxe4 g5 38. e5+ Kg7 39. Nh5+ Kf7 40. e6+ Ke7 41. Ng7 Rf4+ 42. Kg3 Nb5 43. Nf5+ Ke8 44. e7 Nc7 45. Ng7+ Kd7 46. e8=Q+ Nxe8 47. Rxe8 Ra4 48. Re2 Ra3 49. Rc2 Kd6 50. Kf3 Kd5 51. Ke3 Kc4 52. Kd2 Ra6 53. Nf5 Kd5 54. Kd3 c4+ 55. Ke3 Re6+ 56. Kf3 Ra6 57. Rd2+ Kc5 58. Ng3 Ra3 59. Ne4+ Kb5 60. Ke3 Kb6 1-0

[Event "45th Olympiad 2024"]
[Site "Budapest HUN"]
[Date "2024.09.18"]
[Round "7.36"]
[Board "4"]
[White "Mc Intosh, Isaiah"]
[Black "Timoshin, Andrei"]
[Result "1/2-1/2"]
[WhiteElo "2249"]
[BlackElo "2230"]
[PlyCount "61"]
[EventDate "2024.09.11"]
[WhiteTeam "Trinidad & Tobago"]
[BlackTeam "Estonia"]
[BlackTeamCountry "EST"]

1. d4 d5 2. c4 e6 3. Nf3 Nf6 4. g3 Bb4+ 5. Bd2 a5 6. Bg2 O-O 7. Qc2 c5 8. cxd5 cxd4 9. Nxd4 Qb6 10. e3 exd5 11. O-O Nc6 12. Nxc6 bxc6 13. Rc1 Rb8 14. Bxb4 Qxb4 15. b3 Be6 16. Nc3 Rfc8 17. Ne2 c5 18. Nf4 c4 19. Nxe6 fxe6 20. Bh3 Kf7 21. bxc4 Rxc4 22. Qd1 Rbc8 23. Bf1 $146 ({RR} 23. Rcb1 Qc5 24. Rb7+ Rc7 25. Rab1 Ke7 26. Bf1 Rc2 27. R1b5 Qc3 28. Qd3 Ne4 29. Rxc7+ Qxc7 30. Qa3+ Qd6 31. Qxa5 Rxf2 32. Rb7+ Kf6 33. Qa7 Qf8 34. Bd3 Rf5 35. Bxe4 dxe4 36. Qd4+ Kg6 37. Qxe4 Kh6 {1-0 Batchuluun,T (2458)-Wu,D (2278) 1000GM Labor Super Swiss 2024 (7.7)}) 23... R4c7 24. Rxc7+ Rxc7 25. Rc1 Rxc1 26. Qxc1 Ne4 27. Qc7+ Kf8 28. Qd8+ Kf7 29. Qc7+ Kf8 30. Qd8+ Kf7 31. Qc7+ 1/2-1/2

[Event "45th Olympiad 2024"]
[Site "Budapest HUN"]
[Date "2024.09.18"]
[Round "7.37"]
[Board "1"]
[White "Amartuvshin, Ganzorig"]
[Black "Khoder, Akram"]
[Result "0-1"]
[WhiteElo "2402"]
[BlackElo "2239"]
[PlyCount "58"]
[EventDate "2024.09.11"]
[WhiteTeam "Mongolia"]
[BlackTeam "Lebanon"]
[WhiteTeamCountry "MGL"]
[BlackTeamCountry "LBN"]

1. d4 d5 2. c4 c6 3. Nc3 Nf6 4. Nf3 dxc4 5. a4 Bf5 6. Ne5 Nbd7 7. Nxc4 Qc7 8. g3 e5 9. dxe5 Nxe5 10. Bf4 Nfd7 11. Bg2 g5 12. Ne3 gxf4 13. Nxf5 O-O-O 14. O-O fxg3 15. hxg3 h5 16. Qc2 h4 17. Nxh4 Rxh4 18. gxh4 Ng4 19. Rfd1 Bc5 20. e3 Bxe3 21. Kf1 Bxf2 22. Qe4 f5 23. Qe6 Bc5 24. Rd3 $146 ({RR} 24. Ke2 Qg3 25. Rd2 Qxg2+ 26. Kd3 Qg3+ 27. Kc2 Ne3+ 28. Kb3 Qxh4 29. Rd3 Qb4+ 30. Ka2 Nd5 31. Rad1 Nf4 32. Qxf5 Nxd3 {0-1 Thingstad,E (2234)-Hole,O (2387) Oslo op 2011 (4)}) 24... Qf4+ 25. Bf3 Nge5 26. Nd5 Qxh4 27. Ne7+ Bxe7 28. Rc1 Nxd3 29. Rxc6+ Kb8 0-1

[Event "45th Olympiad 2024"]
[Site "Budapest HUN"]
[Date "2024.09.18"]
[Round "7.37"]
[Board "2"]
[White "Arkadan, Adib"]
[Black "Baasansuren, Erdene"]
[Result "0-1"]
[WhiteElo "2181"]
[BlackElo "2368"]
[PlyCount "104"]
[EventDate "2024.09.11"]
[WhiteTeam "Lebanon"]
[BlackTeam "Mongolia"]
[WhiteTeamCountry "LBN"]
[BlackTeamCountry "MGL"]

1. e4 {Ftacnik,Lubomir} c5 2. Nf3 d6 3. d4 cxd4 4. Nxd4 Nf6 5. Nc3 a6 6. Be3 e5 7. Nf3 Be7 8. Bc4 O-O 9. O-O Be6 10. Bb3 Nc6 11. Qe2 Na5 12. Rfd1 Nxb3 13. axb3 ({RR} 13. cxb3 Qb8 14. Bg5 b5 15. Rd3 ({RR} 15. Ne1 h6 16. Bxf6 Bxf6 17. Nc2 Bd8 18. Nb4 Bb6 19. Ncd5 Bc5 20. Nc6 Qb7 21. b4 Bxd5 22. exd5 Bb6 23. a4) 15... h6 16. Bxf6 ({RR} 16. Be3 Qb7) 16... Bxf6 17. Rad1 Be7 18. Nd5 Bxd5 19. Rxd5 ({RR} 19. exd5 Qb7 20. Rc3 Rac8 21. Qc2 Rxc3 22. bxc3 Rc8) 19... Qc7 20. Ne1 Rac8 21. g3 ({RR} 21. Nd3 Qa7) 21... f5 22. exf5 Rxf5 23. Qe4 ({RR} 23. f4 Qa7+ 24. Kh1 Rcf8 25. Nd3 Qb7 26. Qe4) 23... Rcf8 24. R1d2 h5 25. Rc2 Qa7 26. Nd3 h4 27. Kg2 ({RR} 27. Nf4 Bg5 28. Nh3 Be7 29. Rd3 hxg3 30. hxg3 Qd7 31. f3) ({RR} 27. Qg4 hxg3 28. hxg3 Rg5 29. Qe6+ Kh7 30. Nc5) 27... hxg3 {½-½ Leko,P (2753)-Shirov,A (2755) Morelia/Linares 25th 2008 (3)} ({RR} 27... Qd7 28. a4 Rh5 29. Kg1 hxg3 30. hxg3)) 13... Qe8 ({RR} 13... Qc7 14. Bg5 Rac8 15. Bxf6 Bxf6 16. Rac1 b5 17. Nd5 Bxd5 18. Rxd5 Be7 19. c3 g6 20. Rcd1 f5 21. exf5 Rxf5 22. Nd2 Rcf8 23. f3 Qb6+ 24. Qf2 Qb7 25. Ne4 Rd8 26. Nxd6 Bxd6 27. Rxd6 Rxd6 28. Rxd6 {1-0 Sanhueza,C (2222)-Winkels,M (1901) Titled Tue 30th Jan Early 2024 (5)}) 14. Bg5 ({RR} 14. h3 h6 15. Nh2 Qc6 16. Qf3 Nd7 17. g4 Rad8 18. Rd2 Nc5 19. Rad1 b5 20. Qg2 b4 21. Nd5 Bxd5 22. Rxd5 Ne6 23. R1d2 Bg5 24. Nf1 Bf4 25. Ng3 g6 26. Kh1 Kh7 27. Ne2 Bxe3 28. fxe3 {½-½ Mihok,O (2352)-Colovic,A (2493) EU-ch 9th Plovdiv 2008 (3)}) 14... Nh5 15. Nd2 $146 ({RR} 15. Bxe7 Qxe7 16. Qd2 Rad8 17. Qg5 Nf6 18. Rd3 h6 {½-½ Nisipeanu,L (2696)-Van Wely,L (2675) NED-chT 0607 2006 (6.2)}) ({RR} 15. Bxe7 Qxe7 16. Qe3 Rac8 17. Rd2 Rc6 18. Qg5 Nf6 19. Nh4 b5 20. Nf5 Bxf5 21. Qxf5 Qe6 22. Qf3 Rfc8 23. Qd3 Qe7 24. Nd5 Nxd5 25. exd5 e4 26. Qe2 Rc5 27. Rxa6 Qe5 28. c4 f5 29. Rc2 f4 {0-1 Kochavi,O (2221)-Solomon,A (2207) Petah Tikva Winter IM-A 2020 (8)}) 15... f5 16. Bxe7 Nf4 17. Qe3 Qxe7 18. exf5 Rxf5 19. Nde4 d5 20. Ng3 Qg5 21. Nce2 Rf6 22. Qd2 Rg6 23. f3 Rf8 24. c4 dxc4 25. Nxf4 exf4 26. Ne4 Qh5 27. Ra5 Qxf3 28. Ng5 Qxb3 29. Kh1 h6 30. Ra3 c3 31. Qd3 Bf5 32. Rxb3 Bxd3 33. Rxc3 Bb5 34. Nf3 Re8 35. h3 Bc6 36. Nh4 Rg3 37. Rd2 Rxc3 38. bxc3 Re3 39. Kg1 Rxc3 40. Ng6 f3 41. gxf3 Rxf3 42. Kh2 Re3 43. h4 Kf7 44. h5 Kf6 45. Rd8 a5 46. Rf8+ Kg5 47. Nf4 a4 48. Rf7 a3 49. Nh3+ Kh4 50. Nf4 Kg4 51. Ng6 Re2+ 52. Kg1 a2 0-1

[Event "45th Olympiad 2024"]
[Site "Budapest HUN"]
[Date "2024.09.18"]
[Round "7.37"]
[Board "3"]
[White "Munkhdalai, Amilal"]
[Black "Assaad, Joe"]
[Result "1-0"]
[WhiteElo "2374"]
[BlackElo "2150"]
[PlyCount "105"]
[EventDate "2024.09.11"]
[WhiteTeam "Mongolia"]
[BlackTeam "Lebanon"]
[WhiteTeamCountry "MGL"]
[BlackTeamCountry "LBN"]

1. e4 e6 2. d4 d5 3. Nd2 c5 4. exd5 Qxd5 5. dxc5 Bxc5 6. Ngf3 Nf6 7. Bc4 Qh5 8. Qe2 Nc6 9. Ne4 Nxe4 10. Qxe4 O-O 11. O-O e5 12. Bd5 $146 ({RR} 12. Ng5 Bb6 13. c3 Bd7 14. Be3 Bxe3 15. Qxe3 Kh8 16. Rad1 Bf5 17. f3 Qg6 18. g4 Bc8 19. Qc5 Kg8 20. Nxf7 Be6 21. Rd6 Rae8 22. Rxe6 Rxe6 23. Nxe5 Rf5 24. Nxg6 Rxc5 25. Bxe6# {1-0 Ginsburg,G (2509)-Stojanovic,M (2539) BL2-Sued 1415 2014 (5.1)}) ({RR} 12. a3 Bf5 13. Qd5 Bb6 14. Nxe5 Be6 15. Nxc6 Bxd5 16. Ne7+ Kh8 17. Nxd5 Bc5 18. Bf4 Rad8 19. Nc3 Rfe8 20. Rae1 Rxe1 21. Rxe1 Bxf2+ 22. Kxf2 Qc5+ 23. Be3 Qxc4 24. Re2 h5 25. h3 Rd6 26. Bxa7 Qf4+ {0-1 Kakumanu,K (1956)-Jove Grau,L (2077) Barcelona Sant Marti op-A 18th 2016 (4)}) ({RR} 12. Ng5 Qg6 13. Qxg6 hxg6 14. Be3 Be7 15. c3 Bf5 16. f3 Rad8 17. Rad1 Rxd1 18. Rxd1 Bxg5 19. Bxg5 Kh7 20. Be3 a6 21. Bb6 f6 22. Kf2 Re8 23. Rd6 Re7 24. g4 Rd7 25. Rxd7 Bxd7 26. Bd5 g5 {1-0 Kirchei,V (1949)-Katter,K (1613) EU-ch Online U16 Girls rapid 2020 (1)}) 12... Bf5 13. Qc4 Bd6 14. c3 Rac8 15. Qh4 Bg4 16. Qxh5 Bxh5 17. Rd1 Bc5 18. h3 Rfe8 19. g4 Bg6 20. Nh4 Bb6 21. Nxg6 hxg6 22. Kf1 Kh7 23. Be3 Bxe3 24. fxe3 Re7 25. Ke2 g5 26. Rf1 Rcc7 27. Rad1 g6 28. Be4 Kg7 29. Rd6 Na5 30. Rd8 Nc6 31. Ra8 Red7 32. Rd1 Rxd1 33. Kxd1 a6 34. Ke2 Kf6 35. Bd5 Ke7 36. Kd3 Nd8 37. Ke4 f6 38. c4 Rd7 39. b4 Kd6 40. Rc8 Ke7 41. c5 Nf7 42. Bb3 Nd8 43. Ba4 Rd2 44. Rc7+ Kf8 45. a3 Ra2 46. Rd7 Nc6 47. Rxb7 f5+ 48. gxf5 gxf5+ 49. Kxf5 Ne7+ 50. Ke6 Rxa3 51. Rb8+ Kg7 52. Kxe7 Rxa4 53. c6 1-0

[Event "45th Olympiad 2024"]
[Site "Budapest HUN"]
[Date "2024.09.18"]
[Round "7.37"]
[Board "4"]
[White "Kassis, Antoine LIB"]
[Black "Itgelt, Khuyagtsogt"]
[Result "0-1"]
[WhiteElo "2085"]
[BlackElo "2412"]
[PlyCount "112"]
[EventDate "2024.09.11"]
[WhiteTeam "Lebanon"]
[BlackTeam "Mongolia"]
[WhiteTeamCountry "LBN"]
[BlackTeamCountry "MGL"]

1. e4 e6 2. d4 d5 3. Bd3 dxe4 4. Bxe4 Nf6 5. Bf3 c5 6. Ne2 Nc6 7. Be3 cxd4 8. Nxd4 Ne5 9. Nc3 a6 10. Qe2 Nxf3+ 11. Nxf3 ({RR} 11. Qxf3 Bb4 12. Nde2 O-O 13. a3 Be7 14. O-O Qc7 15. Rad1 e5 16. h3 Be6 17. Ng3 Rad8 18. Nf5 Bxf5 19. Qxf5 Bxa3 20. Bg5 Be7 21. Bxf6 Bxf6 22. Nd5 Qc6 23. c4 b5 24. b3 bxc4 25. bxc4 Rd6 {0-1 Mogranzini,R (2459)-Caruana,F (2792) Titled Tuesday intern op 08th Feb Late blitz 2022 (5)}) 11... b5 12. Rd1 $146 ({RR} 12. Bd4 Be7 13. O-O-O Qa5 14. Qe5 Bb7 15. Rhe1 O-O 16. Ng5 Rac8 17. Nxe6 fxe6 18. Qxe6+ Rf7 19. Bxf6 gxf6 20. Nd5 Bxd5 21. Qxc8+ Bf8 22. Re8 Bxa2 23. Rdd8 Qb4 24. Qb8 Qc5 25. Rc8 Qg5+ 26. f4 Qg7 {1-0 Kilic,E (2439)-Braun,V (2344) GRENKE Chess Open 2024 (9.42)}) ({RR} 12. Bd4 Bb7 13. O-O-O Qa5 14. Kb1 Be7 15. Bxf6 Bxf6 16. Ne4 Bxe4 17. Qxe4 O-O 18. h4 Rad8 19. g4 Rxd1+ 20. Rxd1 Rd8 21. Rg1 Qb6 22. Qe3 Qxe3 23. fxe3 Kf8 24. c3 Be7 25. Kc2 Bc5 26. Re1 Ke7 {½-½ Steinhauer,A (2004)-Jurek,J (2242) 34th Staufer-Open 2024 (6.31)}) 12... Qc7 13. Bd4 Be7 14. Ne5 Bb7 15. O-O O-O 16. Rd3 Rfd8 17. Rfd1 Rac8 18. a3 Bf8 19. Rg3 Qe7 20. Qe3 a5 21. Nxb5 Rxc2 22. Qb3 Be4 23. Nc3 Qb7 24. Nxe4 Qxe4 25. Nf3 Nh5 26. Rg5 Nf4 27. Re5 Qc6 28. Qe3 Ne2+ 29. Qxe2 Rxe2 30. Rxe2 f6 31. Rde1 e5 32. Bc3 a4 33. h3 Bxa3 34. bxa3 Qxc3 35. Re3 Rd3 36. Rxd3 Qxd3 37. Re3 Qb1+ 38. Kh2 Qc2 39. Kg1 Kf7 40. g3 g5 41. Kg2 h5 42. h4 g4 43. Ne1 Qc6+ 44. Kg1 Qc1 45. Kg2 Ke7 46. Kf1 Kd6 47. Kg2 e4 48. Kh2 f5 49. Kg2 Kd5 50. Kh2 Kd4 51. Kg1 Kc4 52. Kh2 Qxe3 53. fxe3 Kb3 54. Kg2 Kxa3 55. Kf2 Kb2 56. Ke2 Kc1 0-1

[Event "45th Olympiad 2024"]
[Site "Budapest HUN"]
[Date "2024.09.18"]
[Round "7.38"]
[Board "1"]
[White "Lee, Junhyeok"]
[Black "Ziska, Helgi Dam"]
[Result "1-0"]
[WhiteElo "2364"]
[BlackElo "2553"]
[PlyCount "111"]
[EventDate "2024.09.11"]
[WhiteTeam "South Korea"]
[BlackTeam "Faroe Islands"]
[BlackTeamCountry "FAI"]

1. d4 Nf6 2. c4 g6 3. Nc3 Bg7 4. e4 d6 5. Nf3 O-O 6. Bd3 e5 7. d5 a5 8. O-O Na6 9. a3 ({RR} 9. Kh1 Nd7 10. a3 Nac5 11. Bc2 f5 12. exf5 gxf5 13. Bg5 Qe8 14. Nh4 h6 15. Be3 e4 16. f3 Qh5 17. Qe1 Nd3 18. Bxd3 exd3 19. Nb5 Bxb2 20. Ra2 Bf6 21. g3 f4 22. Bxf4 Bxh4 23. gxh4 Kh7 {0-1 David,A (2335)-Rozen,E (2478) 17th Arad Open 2024 (9.16)}) 9... Nc5 10. Bc2 Bd7 11. Re1 $146 ({RR} 11. Rb1 a4 12. Ne1 c6 13. dxc6 Bxc6 14. f3 Qc7 15. Nd3 Nfd7 16. Nb4 Kh8 17. Nxc6 bxc6 18. Be3 Nb6 19. Qe2 Ne6 20. Bxb6 Qxb6+ 21. Qf2 Qxf2+ 22. Rxf2 Nc5 23. Rd2 Rfd8 24. Rbd1 Bf8 25. Na2 Ne6 {0-1 Ruffenach,A (2146)-Acher,M (2254) Cannes op 2000 (4)}) ({RR} 11. Rb1 a4 12. Be3 b6 13. Ne1 Qe8 14. f3 Nh5 15. Nd3 f5 16. exf5 gxf5 17. Nb5 Bxb5 18. cxb5 Qxb5 19. Nxc5 bxc5 20. f4 Nxf4 21. Bxf4 exf4 22. Rxf4 Qe8 23. Rxf5 Qe3+ 24. Kh1 Rxf5 25. Bxf5 Qh6 {½-½ Yeganegi,B (2300)-Kolimar,K (2332) SixDays Budapest Jun GM B 2024 (7.3)}) ({RR} 11. Be3 Nh5 12. Qd2 a4 13. Bxc5 dxc5 14. Rad1 Qf6 15. Qg5 Qd6 16. Nb5 Bxb5 17. cxb5 Nf4 18. Rfe1 Ra5 19. Nd2 h6 20. Qg4 Ra7 21. Nc4 Qe7 22. Qf3 Qd7 23. b6 cxb6 24. Nxb6 Qb5 25. Nxa4 Rxa4 {0-1 Snegirev,V (1525)-Lapushkin,S Saratov Shestoperov Memorial U15 2014 (1)}) ({RR} 11. Be3 Ng4 12. Bxc5 dxc5 13. Re1 Re8 14. h3 Nf6 15. Qd2 Bf8 16. b3 Nh5 17. Rad1 Bd6 18. Kh2 Qf6 19. Qg5 Qg7 20. Qd2 Nf4 21. Ne2 g5 22. Nxf4 gxf4 23. Rg1 Kh8 24. a4 Rg8 25. Qe2 Qh6 {½-½ Reichardt,R (1707)-Halfhide,S (2136) NED-ch U15 Rotterdam 2015 (3)}) 11... Qe8 12. Be3 Ng4 13. Bxc5 dxc5 14. d6 Qd8 15. h3 Nf6 16. Nxe5 Be6 17. dxc7 Qxc7 18. Nf3 Bxc4 19. e5 Rad8 20. Qc1 Nd5 21. Ne4 Ba6 22. Qg5 b6 23. Rad1 Qe7 24. Nd6 Qxg5 25. Nxg5 Nf4 26. Bb3 c4 27. Nxc4 h6 28. Nxf7 Kxf7 29. Nxa5+ Ke8 30. Nc6 Rc8 31. Rd6 Ne2+ 32. Kh1 Rxf2 33. Rxg6 Bf8 34. Rd1 Nf4 35. Rf6 Rxc6 36. Rxc6 Bb7 37. Bf7+ Kxf7 38. Rc7+ Ke6 39. Rxb7 Rxb2 40. Rf1 Kxe5 41. Rf7 Ne2 42. R7f5+ Ke6 43. Rxf8 Ng3+ 44. Kh2 Nxf1+ 45. Rxf1 Rb5 46. g4 Rb3 47. Rf5 Rxa3 48. Rh5 b5 49. Rxh6+ Kd5 50. Rb6 Kc4 51. g5 b4 52. g6 b3 53. h4 Ra8 54. Kg3 Ra1 55. h5 Kc3 56. h6 1-0